Cinco lecciones de filosofía

Sábháilte in:
Sonraí bibleagrafaíochta
Príomhchruthaitheoir: Zubiri, Xavier (Údar)
Formáid: LEABHAR
Teanga:Spáinnis
Foilsithe / Cruthaithe: Madrid Alianza 1980
Eagrán:1a. ed
Sraith:El Libro de Bolsillo. Sección Humanidades, 783
Ábhair:
Clibeanna: Cuir clib leis
Níl clibeanna ann, Bí ar an gcéad duine le clib a chur leis an taifead seo!

MARC

LEADER 00000cam a2200000 a 4500
001 UCO5328
003 CL-VaPUC
005 20241127085255.0
008 000901e19800000SP |||||||||||||||||spa|d
999 |c 291227  |d 291225 
020 |a 8420617830 
040 |c Pontificia Universidad Católica de Valparaíso 
082 0 4 |a 102  |b ZUB  |2 21 
100 0 |a Zubiri, Xavier  |e author  |9 216 
245 1 0 |a Cinco lecciones de filosofía 
250 |a 1a. ed 
260 |a Madrid  |b Alianza  |c 1980 
300 |a 277 p 
490 0 |a El Libro de Bolsillo. Sección Humanidades, 783 
583 |a last modification  |c 20180412 09:40:22  |k Rodrigo Vera 
600 0 |a Aristóteles,  |d 384 a.C.- 322 a.C.  |9 194 
600 0 |a Bergson, Henri-Louis  |9 318450 
600 0 |a Comte, Auguste  |9 334591 
600 0 7 |a Husserl, Edmund   |d 1859-1938  |9 575718 
600 0 |a Kant, Immanuel,  |d 1724-1804  |9 858687 
650 0 |a Filosofía   |9 223554 
852 |a BIBCUR 
942 |c BK  |2 ddc 
945 |d 20000901 00:00:00  |a vberengu 
952 |0 0  |1 2  |4 0  |6 102_000000000000000_ZUB_1980  |7 0  |8 A  |9 341017  |a BIBTEO  |b BIBTEO  |d 2019-11-20  |i 3642801  |o 102 ZUB 1980  |p 3642801  |r 2019-11-20  |w 2019-11-20  |y BK  |k ICR 
952 |0 0  |1 0  |3 erb  |4 0  |6 102_000000000000000_ZUB_1980  |7 0  |8 A  |9 341018  |a BIBEDU  |b BIBEDU  |i 5465214  |l 6  |m 1  |o 102 ZUB 1980  |p 5465214  |r 2024-04-29  |s 2024-04-17  |w 2019-11-20  |y BK  |z Catalogado en:20180413  |k FIL